| 000 | 00794nam a2200265 i 4500 | ||
|---|---|---|---|
| 001 | 18128 | ||
| 003 | ES-MaACL | ||
| 005 | 20251114101203.0 | ||
| 007 | t| | ||
| 008 | 010813s2001 sp |||| | spa | ||
| 020 | _a84-08-03821-4 | ||
| 080 | _a327.84(460) | ||
| 080 | _a946.0"1981" | ||
| 100 | 0 |
_aPalacios Tapias, Jesús _988401 |
|
| 245 | 1 | 0 |
_a23-F: el golpe del CESID / _cJesús Palacios ; prólogo de Carlos Rojas. |
| 246 | 3 | _aVeintitrés F, el golpe del CESID | |
| 250 | _a1ª ed. | ||
| 260 |
_aBarcelona : _bPlaneta, _c2001. |
||
| 300 |
_a486 p. ; _c23 cm. |
||
| 610 | 1 | 4 |
_aEspaña. _bCESID. _9161797 |
| 651 | 4 |
_aEspaña- _xHistoria- _y1981, Golpe de Estado. _98339 |
|
| 700 | 1 |
_aRojas, Carlos, _d1928- _9161767 |
|
| 852 |
_aES-MaACL _jL-24865 |
||
| 999 |
_c18128 _d18128 |
||